01517nab a22002897a 4500003000400000005001700004008004100021040001100062100003200073245009600105260007300201300001500274500015400289505028900443505008900732650001500821650002500836650002700861650002400888650002700912650002500939650002200964650003700986650002801023653003101051773014501082OSt20250221114144.0190603e xxum|||| |||| 00| 0 spa d cPJ-TDF aArias Cáu, Esteban Javier13aEl contrato de larga duración como categoría contractual /cEsteban Javier Arias Cáu. cCiudad Autónoma de Buenos Aires :aThomson Reuters La Ley, b2024. ap. 127-141 aCita: TR LALEY AR/DOC/1987/2024. Publicado en: R.C.C. y C. 2024 (Septiembre-Octubre). EDICIÓN ESPECIAL: XXIX Jornadas Nacionales de Derecho Civil. aSumario: I. Introducción.— II. El contrato como instrumento técnico.— III. Larga duración como nueva categoría contractual.— IV. Análisis de la regulación legal (art. 1011, Cód. Civ. y Com.).— V. Algunos contratos de duración en particular.— VI. Prospectiva. t¿Te interesa el texto completo? Solicitalo al correo: koha@justierradelfuego.gov.ar 0aCONTRATOS  0aBUENA FE CONTRACTUAL 0aRESCISION DEL CONTRATO 0aCONTRATO DE AGENCIA 0aDEBER DE INFORMACIÓN 0aCONTRATO DE ADHESION 0aDERECHO COMPARADO 0aDECRETOS DE NECESIDAD Y URGENCIA 0aLOCACIÓN DE INMUEBLES aCONTRATO DE LARGA DURACION0 02713dCiudad Autónoma de Buenos Aires : Thomson Reuters La Ley, 2015-tRevista Código Civil y Comercial. Nº 5 - Septiembre-Octubre 2024